000 01131cam a22002531i 4500
003 SA-RiAUC
005 20241226125253.0
008 241225s1983 su g 000 0 ara c
040 _aJO-AmWISE
_bara
_cSA-RiAUC
_erda
082 0 4 _a247.9
_qSA-RiAUC
090 _a247.9
_b م ؤ ي
100 1 _aالمؤيد، يحيى بن حمزة بن علي،
_cإمام اليمن،
_d669-745 هجري
_eمؤلف.
245 1 0 _aمشكاة الأنوار الهادمة لقواعد الباطنية الأشرار /
_cيحيى بن حمزة العلوي ؛ تحقيق محمد السيد الجليند.
250 _aالطبعة الثالثة.
264 1 _aجدة، السعودية :
_bالدار اليمنية للنشر والتوزيع،
_c1983
300 _a280 صفحة؛
_c24 سم
336 _aنص
_btxt
_2rdacontent
_3كتاب
337 _aبدون وسيط
_bn
_2rdamedia
338 _aمجلد
_bnc
_2rdacarrier
650 7 _aالباطنية (فرقة إسلامية)
_2aucsh
700 1 _aالجليند، محمد السيد،
_d1940-
_eمحقق.
942 _2ddc
_cBOOK
_n0
949 _aSA-JeALM
_d241225
_umohamedma123
_n1
999 _c3987
_d3987